000 00541cam a22001457a 4500
008 180718b1999 xxu||||| |||| 00| 0 eng d
082 _aAPPPA 98-99 PAN/19
100 _aPandey, Manoj Kumar
245 _aPossibilities of assessing moral values and integrity of civil service entrants
_cby Manoj Kumar Pandey
260 _aNew Delhi
_bIndian Institute of Public Administration
_c1999
300 _a126p.
500 _aAn APPPA M.Phil. dissertation, 1998-99 (Guide: Shekhar Singh)
650 _aAPPPA
650 _aCivil service - Examinations
999 _c486884
_d486884